Statistics for Fast Math - Division

Click here to take the quiz!

General Stats

  • This quiz has been taken 80,977 times
  • The average score is 14 of 20

Answer Stats

ProblemSolution% Correct
30 ÷ 301
98%
27 ÷ 39
97%
14 ÷ 141
96%
48 ÷ 481
96%
44 ÷ 441
96%
60 ÷ 610
96%
44 ÷ 411
96%
32 ÷ 216
96%
500 ÷ 1050
96%
15 ÷ 151
95%
20 ÷ 210
95%
120 ÷ 1012
95%
45 ÷ 95
95%
18 ÷ 29
95%
24 ÷ 241
94%
180 ÷ 1810
94%
40 ÷ 410
94%
30 ÷ 310
94%
8 ÷ 42
94%
230 ÷ 1023
94%
21 ÷ 73
94%
360 ÷ 1036
94%
48 ÷ 124
94%
14 ÷ 27
94%
13 ÷ 131
93%
440 ÷ 4110
93%
42 ÷ 314
93%
16 ÷ 82
93%
40 ÷ 202
93%
6 ÷ 32
93%
58 ÷ 292
93%
210 ÷ 1021
93%
6 ÷ 23
93%
300 ÷ 1030
93%
120 ÷ 340
93%
84 ÷ 242
93%
110 ÷ 255
93%
16 ÷ 28
93%
3 ÷ 31
92%
100 ÷ 1001
92%
7 ÷ 71
92%
90 ÷ 910
92%
210 ÷ 2105
92%
336 ÷ 3112
92%
244 ÷ 2122
92%
260 ÷ 2130
92%
262 ÷ 2131
92%
160 ÷ 1016
92%
12 ÷ 62
92%
26 ÷ 132
92%
180 ÷ 920
92%
440 ÷ 2022
92%
446 ÷ 2223
92%
48 ÷ 224
92%
27 ÷ 93
92%
99 ÷ 333
92%
96 ÷ 332
92%
8 ÷ 24
92%
12 ÷ 34
92%
420 ÷ 1042
92%
25 ÷ 55
92%
104 ÷ 252
92%
36 ÷ 66
92%
210 ÷ 307
92%
240 ÷ 308
92%
11 ÷ 111
91%
8 ÷ 81
91%
21 ÷ 211
91%
17 ÷ 171
91%
300 ÷ 3010
91%
55 ÷ 511
91%
52 ÷ 413
91%
45 ÷ 315
91%
30 ÷ 215
91%
90 ÷ 615
91%
170 ÷ 1017
91%
80 ÷ 402
91%
32 ÷ 162
91%
40 ÷ 220
91%
448 ÷ 2224
91%
240 ÷ 1024
91%
50 ÷ 225
91%
290 ÷ 1029
91%
96 ÷ 248
91%
150 ÷ 305
91%
18 ÷ 36
91%
140 ÷ 270
91%
350 ÷ 570
91%
36 ÷ 49
91%
182 ÷ 291
91%
20 ÷ 201
90%
27 ÷ 271
90%
41 ÷ 411
90%
200 ÷ 2010
90%
80 ÷ 810
90%
77 ÷ 711
90%
110 ÷ 1011
90%
121 ÷ 1111
90%
65 ÷ 513
90%
190 ÷ 1019
90%
95 ÷ 519
90%
60 ÷ 302
90%
100 ÷ 502
90%
36 ÷ 182
90%
200 ÷ 1020
90%
60 ÷ 320
90%
66 ÷ 322
90%
480 ÷ 2240
90%
104 ÷ 426
90%
260 ÷ 1026
90%
56 ÷ 228
90%
58 ÷ 229
90%
33 ÷ 113
90%
39 ÷ 133
90%
150 ÷ 503
90%
66 ÷ 223
90%
62 ÷ 231
90%
350 ÷ 1035
90%
300 ÷ 506
90%
120 ÷ 260
90%
64 ÷ 88
90%
80 ÷ 108
90%
180 ÷ 290
90%
186 ÷ 293
90%
35 ÷ 351
89%
6 ÷ 61
89%
22 ÷ 221
89%
39 ÷ 391
89%
309 ÷ 3103
89%
66 ÷ 611
89%
224 ÷ 2112
89%
24 ÷ 212
89%
286 ÷ 2143
89%
306 ÷ 2153
89%
88 ÷ 442
89%
44 ÷ 222
89%
160 ÷ 820
89%
600 ÷ 3200
89%
42 ÷ 221
89%
44 ÷ 222
89%
442 ÷ 2221
89%
450 ÷ 2225
89%
69 ÷ 323
89%
120 ÷ 403
89%
12 ÷ 43
89%
32 ÷ 84
89%
96 ÷ 244
89%
470 ÷ 1047
89%
100 ÷ 205
89%
20 ÷ 45
89%
520 ÷ 1052
89%
12 ÷ 26
89%
240 ÷ 406
89%
42 ÷ 76
89%
120 ÷ 206
89%
600 ÷ 1060
89%
130 ÷ 265
89%
21 ÷ 37
89%
32 ÷ 48
89%
48 ÷ 68
89%
81 ÷ 99
89%
31 ÷ 311
88%
10 ÷ 101
88%
40 ÷ 401
88%
18 ÷ 181
88%
200 ÷ 2100
88%
202 ÷ 2101
88%
204 ÷ 2102
88%
330 ÷ 3011
88%
339 ÷ 3113
88%
228 ÷ 2114
88%
48 ÷ 412
88%
28 ÷ 214
88%
150 ÷ 1015
88%
318 ÷ 2159
88%
64 ÷ 416
88%
360 ÷ 2180
88%
4 ÷ 22
88%
404 ÷ 2202
88%
440 ÷ 2220
88%
468 ÷ 2234
88%
470 ÷ 2235
88%
250 ÷ 1025
88%
75 ÷ 325
88%
100 ÷ 425
88%
508 ÷ 2254
88%
526 ÷ 2263
88%
600 ÷ 2300
88%
66 ÷ 233
88%
195 ÷ 539
88%
410 ÷ 1041
88%
88 ÷ 244
88%
98 ÷ 249
88%
10 ÷ 25
88%
35 ÷ 75
88%
102 ÷ 251
88%
30 ÷ 56
88%
28 ÷ 47
88%
210 ÷ 370
88%
152 ÷ 276
88%
40 ÷ 58
88%
5 ÷ 51
87%
34 ÷ 341
87%
36 ÷ 361
87%
500 ÷ 5010
87%
214 ÷ 2107
87%
88 ÷ 811
87%
238 ÷ 2119
87%
96 ÷ 812
87%
360 ÷ 3012
87%
246 ÷ 2123
87%
250 ÷ 2125
87%
252 ÷ 2126
87%
26 ÷ 213
87%
390 ÷ 3130
87%
288 ÷ 2144
87%
320 ÷ 2160
87%
68 ÷ 417
87%
342 ÷ 2171
87%
36 ÷ 218
87%
20 ÷ 102
87%
30 ÷ 152
87%
64 ÷ 322
87%
63 ÷ 321
87%
428 ÷ 2214
87%
502 ÷ 2251
87%
534 ÷ 2267
87%
9 ÷ 33
87%
75 ÷ 253
87%
90 ÷ 330
87%
60 ÷ 230
87%
310 ÷ 1031
87%
64 ÷ 164
87%
72 ÷ 184
87%
100 ÷ 254
87%
20 ÷ 54
87%
80 ÷ 240
87%
40 ÷ 85
87%
150 ÷ 350
87%
96 ÷ 166
87%
99 ÷ 119
87%
2 ÷ 21
86%
16 ÷ 161
86%
37 ÷ 371
86%
260 ÷ 2610
86%
400 ÷ 4010
86%
210 ÷ 2110
86%
120 ÷ 1210
86%
206 ÷ 2103
86%
212 ÷ 2106
86%
327 ÷ 3109
86%
22 ÷ 211
86%
72 ÷ 612
86%
242 ÷ 2121
86%
369 ÷ 3123
86%
140 ÷ 1014
86%
308 ÷ 2154
86%
350 ÷ 2175
86%
362 ÷ 2181
86%
366 ÷ 2183
86%
28 ÷ 142
86%
18 ÷ 92
86%
48 ÷ 242
86%
430 ÷ 2215
86%
220 ÷ 1022
86%
88 ÷ 422
86%
92 ÷ 423
86%
488 ÷ 2244
86%
280 ÷ 1028
86%
18 ÷ 63
86%
60 ÷ 203
86%
600 ÷ 2030
86%
120 ÷ 430
86%
99 ÷ 333
86%
40 ÷ 104
86%
120 ÷ 304
86%
88 ÷ 224
86%
36 ÷ 94
86%
205 ÷ 541
86%
450 ÷ 1045
86%
180 ÷ 445
86%
460 ÷ 1046
86%
60 ÷ 125
86%
100 ÷ 250
86%
540 ÷ 1054
86%
590 ÷ 1059
86%
180 ÷ 360
86%
142 ÷ 271
86%
160 ÷ 208
86%
72 ÷ 98
86%
24 ÷ 38
86%
56 ÷ 78
86%
160 ÷ 280
86%
90 ÷ 109
86%
360 ÷ 490
86%
450 ÷ 590
86%
43 ÷ 431
85%
9 ÷ 91
85%
33 ÷ 331
85%
19 ÷ 191
85%
440 ÷ 4410
85%
50 ÷ 510
85%
70 ÷ 710
85%
404 ÷ 4101
85%
515 ÷ 5103
85%
333 ÷ 3111
85%
230 ÷ 2115
85%
248 ÷ 2124
85%
280 ÷ 2140
85%
300 ÷ 2150
85%
330 ÷ 2165
85%
336 ÷ 2168
85%
344 ÷ 2172
85%
180 ÷ 1018
85%
38 ÷ 219
85%
382 ÷ 2191
85%
68 ÷ 342
85%
24 ÷ 122
85%
72 ÷ 362
85%
400 ÷ 2020
85%
100 ÷ 520
85%
120 ÷ 620
85%
105 ÷ 521
85%
500 ÷ 2250
85%
514 ÷ 2257
85%
540 ÷ 2270
85%
544 ÷ 2272
85%
48 ÷ 163
85%
45 ÷ 153
85%
36 ÷ 123
85%
320 ÷ 1032
85%
70 ÷ 235
85%
370 ÷ 1037
85%
78 ÷ 239
85%
160 ÷ 440
85%
360 ÷ 940
85%
90 ÷ 245
85%
92 ÷ 246
85%
55 ÷ 115
85%
200 ÷ 450
85%
153 ÷ 351
85%
116 ÷ 258
85%
48 ÷ 86
85%
24 ÷ 46
85%
60 ÷ 106
85%
360 ÷ 660
85%
122 ÷ 261
85%
35 ÷ 57
85%
77 ÷ 117
85%
350 ÷ 507
85%
146 ÷ 273
85%
45 ÷ 59
85%
12 ÷ 121
84%
26 ÷ 261
84%
45 ÷ 451
84%
49 ÷ 491
84%
450 ÷ 4510
84%
306 ÷ 3102
84%
275 ÷ 2511
84%
33 ÷ 311
84%
440 ÷ 4011
84%
222 ÷ 2111
84%
144 ÷ 1212
84%
240 ÷ 2012
84%
256 ÷ 2128
84%
130 ÷ 1013
84%
266 ÷ 2133
84%
98 ÷ 714
84%
282 ÷ 2141
84%
75 ÷ 515
84%
304 ÷ 2152
84%
48 ÷ 316
84%
475 ÷ 2519
84%
133 ÷ 719
84%
84 ÷ 422
84%
66 ÷ 332
84%
80 ÷ 420
84%
500 ÷ 2520
84%
444 ÷ 2222
84%
46 ÷ 223
84%
518 ÷ 2259
84%
520 ÷ 2260
84%
93 ÷ 313
84%
180 ÷ 630
84%
240 ÷ 830
84%
210 ÷ 730
84%
93 ÷ 331
84%
102 ÷ 334
84%
74 ÷ 237
84%
380 ÷ 1038
84%
76 ÷ 238
84%
400 ÷ 1040
84%
50 ÷ 105
84%
200 ÷ 405
84%
550 ÷ 1150
84%
450 ÷ 950
84%
204 ÷ 451
84%
208 ÷ 452
84%
580 ÷ 1058
84%
72 ÷ 126
84%
240 ÷ 460
84%
138 ÷ 269
84%
63 ÷ 97
84%
320 ÷ 408
84%
180 ÷ 209
84%
72 ÷ 89
84%
270 ÷ 309
84%
198 ÷ 299
84%
23 ÷ 231
83%
50 ÷ 501
83%
140 ÷ 1410
83%
350 ÷ 3510
83%
300 ÷ 3100
83%
400 ÷ 4100
83%
480 ÷ 4120
83%
300 ÷ 2015
83%
316 ÷ 2158
83%
128 ÷ 816
83%
326 ÷ 2163
83%
34 ÷ 217
83%
346 ÷ 2173
83%
57 ÷ 319
83%
62 ÷ 312
83%
14 ÷ 72
83%
10 ÷ 52
83%
90 ÷ 452
83%
300 ÷ 1520
83%
410 ÷ 2205
83%
84 ÷ 421
83%
420 ÷ 2210
83%
456 ÷ 2228
83%
462 ÷ 2231
83%
472 ÷ 2236
83%
52 ÷ 226
83%
130 ÷ 526
83%
270 ÷ 1027
83%
72 ÷ 243
83%
42 ÷ 143
83%
15 ÷ 53
83%
64 ÷ 232
83%
16 ÷ 44
83%
24 ÷ 64
83%
44 ÷ 114
83%
82 ÷ 241
83%
430 ÷ 1043
83%
440 ÷ 1044
83%
250 ÷ 505
83%
250 ÷ 550
83%
300 ÷ 560
83%
330 ÷ 566
83%
136 ÷ 268
83%
140 ÷ 207
83%
150 ÷ 275
83%
395 ÷ 579
83%
480 ÷ 680
83%
28 ÷ 281
82%
32 ÷ 321
82%
100 ÷ 1010
82%
230 ÷ 2310
82%
420 ÷ 4210
82%
150 ÷ 1510
82%
500 ÷ 5100
82%
505 ÷ 5101
82%
208 ÷ 2104
82%
550 ÷ 5011
82%
99 ÷ 911
82%
444 ÷ 4111
82%
60 ÷ 512
82%
600 ÷ 5120
82%
91 ÷ 713
82%
39 ÷ 313
82%
276 ÷ 2138
82%
60 ÷ 415
82%
340 ÷ 2017
82%
352 ÷ 2176
82%
22 ÷ 112
82%
220 ÷ 1120
82%
402 ÷ 2201
82%
406 ÷ 2203
82%
426 ÷ 2213
82%
432 ÷ 2216
82%
454 ÷ 2227
82%
460 ÷ 2230
82%
482 ÷ 2241
82%
510 ÷ 2255
82%
516 ÷ 2258
82%
182 ÷ 726
82%
81 ÷ 327
82%
30 ÷ 103
82%
81 ÷ 273
82%
270 ÷ 930
82%
124 ÷ 431
82%
72 ÷ 236
82%
390 ÷ 1039
82%
92 ÷ 234
82%
28 ÷ 74
82%
60 ÷ 154
82%
56 ÷ 144
82%
240 ÷ 640
82%
245 ÷ 549
82%
30 ÷ 65
82%
90 ÷ 185
82%
510 ÷ 1051
82%
112 ÷ 256
82%
570 ÷ 1057
82%
114 ÷ 257
82%
90 ÷ 156
82%
124 ÷ 262
82%
70 ÷ 107
82%
49 ÷ 77
82%
148 ÷ 274
82%
400 ÷ 508
82%
96 ÷ 128
82%
174 ÷ 287
82%
54 ÷ 69
82%
360 ÷ 409
82%
117 ÷ 139
82%
190 ÷ 295
82%
4 ÷ 41
81%
42 ÷ 421
81%
47 ÷ 471
81%
340 ÷ 3410
81%
412 ÷ 4103
81%
226 ÷ 2113
81%
360 ÷ 3120
81%
500 ÷ 4125
81%
390 ÷ 3013
81%
78 ÷ 613
81%
156 ÷ 1213
81%
274 ÷ 2137
81%
350 ÷ 2514
81%
298 ÷ 2149
81%
302 ÷ 2151
81%
310 ÷ 2155
81%
314 ÷ 2157
81%
96 ÷ 616
81%
328 ÷ 2164
81%
85 ÷ 517
81%
54 ÷ 318
81%
396 ÷ 2198
81%
78 ÷ 392
81%
140 ÷ 720
81%
408 ÷ 2204
81%
412 ÷ 2206
81%
414 ÷ 2207
81%
422 ÷ 2211
81%
464 ÷ 2232
81%
476 ÷ 2238
81%
486 ÷ 2243
81%
490 ÷ 2245
81%
542 ÷ 2271
81%
562 ÷ 2281
81%
87 ÷ 329
81%
78 ÷ 263
81%
24 ÷ 83
81%
123 ÷ 413
81%
330 ÷ 1033
81%
180 ÷ 536
81%
280 ÷ 740
81%
215 ÷ 543
81%
15 ÷ 35
81%
600 ÷ 1250
81%
108 ÷ 254
81%
550 ÷ 1055
81%
66 ÷ 116
81%
305 ÷ 561
81%
128 ÷ 264
81%
42 ÷ 67
81%
175 ÷ 257
81%
280 ÷ 470
81%
156 ÷ 278
81%
240 ÷ 380
81%
164 ÷ 282
81%
166 ÷ 283
81%
168 ÷ 284
81%
170 ÷ 285
81%
162 ÷ 189
81%
194 ÷ 297
81%
29 ÷ 291
80%
46 ÷ 461
80%
280 ÷ 2810
80%
160 ÷ 1610
80%
430 ÷ 4310
80%
480 ÷ 4810
80%
312 ÷ 3104
80%
424 ÷ 4106
80%
428 ÷ 4107
80%
220 ÷ 2110
80%
555 ÷ 5111
80%
234 ÷ 2117
80%
236 ÷ 2118
80%
56 ÷ 414
80%
284 ÷ 2142
80%
296 ÷ 2148
80%
324 ÷ 2162
80%
360 ÷ 2018
80%
52 ÷ 262
80%
70 ÷ 352
80%
416 ÷ 2208
80%
420 ÷ 2021
80%
452 ÷ 2226
80%
484 ÷ 2242
80%
125 ÷ 525
80%
504 ÷ 2252
80%
512 ÷ 2256
80%
530 ÷ 2265
80%
54 ÷ 227
80%
594 ÷ 2297
80%
96 ÷ 323
80%
90 ÷ 303
80%
186 ÷ 631
80%
128 ÷ 432
80%
68 ÷ 234
80%
190 ÷ 538
80%
80 ÷ 204
80%
160 ÷ 404
80%
600 ÷ 1540
80%
129 ÷ 343
80%
106 ÷ 253
80%
560 ÷ 1056
80%
480 ÷ 860
80%
56 ÷ 87
80%
88 ÷ 118
80%
162 ÷ 281
80%
440 ÷ 588
80%
108 ÷ 129
80%
485 ÷ 597
80%
196 ÷ 298
80%
25 ÷ 251
79%
170 ÷ 1710
79%
360 ÷ 3610
79%
600 ÷ 6100
79%
408 ÷ 4102
79%
132 ÷ 1211
79%
565 ÷ 5113
79%
240 ÷ 2120
79%
169 ÷ 1313
79%
264 ÷ 2132
79%
270 ÷ 2135
79%
600 ÷ 4150
79%
480 ÷ 3160
79%
332 ÷ 2166
79%
368 ÷ 2184
79%
390 ÷ 2195
79%
398 ÷ 2199
79%
46 ÷ 232
79%
86 ÷ 432
79%
440 ÷ 2220
79%
126 ÷ 621
79%
438 ÷ 2219
79%
242 ÷ 1122
79%
500 ÷ 2025
79%
520 ÷ 2026
79%
538 ÷ 2269
79%
566 ÷ 2283
79%
132 ÷ 334
79%
126 ÷ 342
79%
86 ÷ 243
79%
220 ÷ 544
79%
135 ÷ 345
79%
94 ÷ 247
79%
235 ÷ 547
79%
490 ÷ 1049
79%
350 ÷ 750
79%
280 ÷ 556
79%
270 ÷ 456
79%
345 ÷ 569
79%
280 ÷ 407
79%
320 ÷ 480
79%
420 ÷ 584
79%
297 ÷ 399
79%
38 ÷ 381
78%
390 ÷ 3910
78%
330 ÷ 3310
78%
410 ÷ 4110
78%
310 ÷ 3110
78%
270 ÷ 2710
78%
250 ÷ 2510
78%
240 ÷ 2410
78%
190 ÷ 1910
78%
303 ÷ 3101
78%
315 ÷ 3105
78%
525 ÷ 5105
78%
220 ÷ 2011
78%
480 ÷ 4012
78%
143 ÷ 1113
78%
312 ÷ 2156
78%
480 ÷ 3016
78%
80 ÷ 516
78%
144 ÷ 818
78%
90 ÷ 518
78%
384 ÷ 2192
78%
50 ÷ 252
78%
34 ÷ 172
78%
458 ÷ 2229
78%
474 ÷ 2237
78%
72 ÷ 324
78%
496 ÷ 2248
78%
524 ÷ 2262
78%
550 ÷ 2275
78%
574 ÷ 2287
78%
580 ÷ 2290
78%
582 ÷ 2291
78%
102 ÷ 343
78%
330 ÷ 1130
78%
340 ÷ 1034
78%
123 ÷ 341
78%
164 ÷ 441
78%
480 ÷ 1048
78%
80 ÷ 165
78%
135 ÷ 275
78%
224 ÷ 456
78%
84 ÷ 146
78%
260 ÷ 465
78%
132 ÷ 266
78%
134 ÷ 267
78%
144 ÷ 272
78%
158 ÷ 279
78%
200 ÷ 258
78%
178 ÷ 289
78%
188 ÷ 294
78%
110 ÷ 1110
77%
520 ÷ 5104
77%
530 ÷ 5106
77%
321 ÷ 3107
77%
550 ÷ 5110
77%
456 ÷ 4114
77%
300 ÷ 2512
77%
36 ÷ 312
77%
363 ÷ 3121
77%
278 ÷ 2139
77%
70 ÷ 514
77%
450 ÷ 3015
77%
144 ÷ 916
77%
388 ÷ 2194
77%
597 ÷ 3199
77%
76 ÷ 382
77%
98 ÷ 492
77%
56 ÷ 282
77%
434 ÷ 2217
77%
110 ÷ 522
77%
460 ÷ 2023
77%
494 ÷ 2247
77%
506 ÷ 2253
77%
528 ÷ 2264
77%
560 ÷ 2280
77%
570 ÷ 2285
77%
54 ÷ 183
77%
63 ÷ 213
77%
360 ÷ 1230
77%
192 ÷ 632
77%
165 ÷ 533
77%
132 ÷ 433
77%
200 ÷ 504
77%
188 ÷ 447
77%
110 ÷ 225
77%
400 ÷ 850
77%
300 ÷ 650
77%
78 ÷ 136
77%
54 ÷ 96
77%
183 ÷ 361
77%
315 ÷ 563
77%
126 ÷ 263
77%
325 ÷ 565
77%
105 ÷ 157
77%
213 ÷ 371
77%
400 ÷ 580
77%
435 ÷ 587
77%
184 ÷ 292
77%
220 ÷ 2210
76%
380 ÷ 3810
76%
320 ÷ 3210
76%
130 ÷ 1310
76%
318 ÷ 3106
76%
218 ÷ 2109
76%
330 ÷ 3110
76%
484 ÷ 4121
76%
260 ÷ 2013
76%
399 ÷ 3133
76%
268 ÷ 2134
76%
348 ÷ 2174
76%
126 ÷ 718
76%
198 ÷ 1118
76%
72 ÷ 418
76%
370 ÷ 2185
76%
209 ÷ 1119
76%
386 ÷ 2193
76%
394 ÷ 2197
76%
74 ÷ 372
76%
96 ÷ 482
76%
92 ÷ 462
76%
400 ÷ 2200
76%
418 ÷ 2209
76%
424 ÷ 2212
76%
115 ÷ 523
76%
120 ÷ 524
76%
480 ÷ 2024
76%
498 ÷ 2249
76%
156 ÷ 626
76%
522 ÷ 2261
76%
554 ÷ 2277
76%
140 ÷ 528
76%
145 ÷ 529
76%
586 ÷ 2293
76%
185 ÷ 537
76%
104 ÷ 264
76%
240 ÷ 548
76%
70 ÷ 145
76%
245 ÷ 495
76%
330 ÷ 655
76%
440 ÷ 855
76%
220 ÷ 455
76%
560 ÷ 870
76%
376 ÷ 478
76%
405 ÷ 581
76%
172 ÷ 286
76%
225 ÷ 259
76%
405 ÷ 459
76%
63 ÷ 79
76%
540 ÷ 690
76%
270 ÷ 390
76%
291 ÷ 397
76%
495 ÷ 599
76%
490 ÷ 4910
75%
290 ÷ 2910
75%
420 ÷ 4105
75%
216 ÷ 2108
75%
460 ÷ 4115
75%
84 ÷ 712
75%
366 ÷ 3122
75%
254 ÷ 2127
75%
273 ÷ 2113
75%
520 ÷ 4130
75%
396 ÷ 3132
75%
272 ÷ 2136
75%
465 ÷ 3155
75%
51 ÷ 317
75%
340 ÷ 2170
75%
354 ÷ 2177
75%
364 ÷ 2182
75%
570 ÷ 3019
75%
38 ÷ 192
75%
550 ÷ 2522
75%
466 ÷ 2233
75%
478 ÷ 2239
75%
144 ÷ 624
75%
78 ÷ 326
75%
578 ÷ 2289
75%
116 ÷ 429
75%
57 ÷ 193
75%
69 ÷ 233
75%
217 ÷ 731
75%
416 ÷ 1332
75%
160 ÷ 532
75%
136 ÷ 434
75%
140 ÷ 435
75%
116 ÷ 294
75%
440 ÷ 1140
75%
200 ÷ 540
75%
320 ÷ 840
75%
132 ÷ 344
75%
225 ÷ 545
75%
270 ÷ 645
75%
184 ÷ 446
75%
170 ÷ 345
75%
459 ÷ 951
75%
340 ÷ 568
75%
207 ÷ 369
75%
91 ÷ 137
75%
490 ÷ 770
75%
300 ÷ 475
75%
154 ÷ 277
75%
360 ÷ 458
75%
243 ÷ 381
75%
410 ÷ 582
75%
480 ÷ 596
75%
451 ÷ 4111
74%
351 ÷ 3117
74%
590 ÷ 5118
74%
180 ÷ 1512
74%
252 ÷ 2112
74%
108 ÷ 912
74%
384 ÷ 3128
74%
540 ÷ 4135
74%
120 ÷ 815
74%
459 ÷ 3153
74%
102 ÷ 617
74%
356 ÷ 2178
74%
570 ÷ 3190
74%
54 ÷ 272
74%
600 ÷ 3020
74%
288 ÷ 1224
74%
84 ÷ 283
74%
150 ÷ 530
74%
155 ÷ 531
74%
204 ÷ 634
74%
170 ÷ 534
74%
117 ÷ 339
74%
52 ÷ 134
74%
75 ÷ 155
74%
240 ÷ 485
74%
120 ÷ 245
74%
255 ÷ 551
74%
156 ÷ 352
74%
530 ÷ 1053
74%
228 ÷ 457
74%
232 ÷ 458
74%
180 ÷ 306
74%
426 ÷ 671
74%
228 ÷ 376
74%
316 ÷ 479
74%
232 ÷ 298
74%
560 ÷ 780
74%
376 ÷ 494
74%
370 ÷ 3710
73%
510 ÷ 5102
73%
432 ÷ 4108
73%
484 ÷ 4411
73%
341 ÷ 3111
73%
198 ÷ 1811
73%
420 ÷ 3512
73%
132 ÷ 1112
73%
375 ÷ 3125
73%
325 ÷ 2513
73%
560 ÷ 4014
73%
112 ÷ 716
73%
320 ÷ 2016
73%
119 ÷ 717
73%
76 ÷ 419
73%
94 ÷ 472
73%
82 ÷ 412
73%
231 ÷ 1121
73%
330 ÷ 1522
73%
168 ÷ 724
73%
96 ÷ 424
73%
492 ÷ 2246
73%
548 ÷ 2274
73%
51 ÷ 173
73%
132 ÷ 443
73%
105 ÷ 335
73%
108 ÷ 336
73%
114 ÷ 338
73%
76 ÷ 194
73%
84 ÷ 214
73%
230 ÷ 546
73%
141 ÷ 347
73%
192 ÷ 448
73%
392 ÷ 849
73%
85 ÷ 175
73%
212 ÷ 453
73%
275 ÷ 555
73%
192 ÷ 364
73%
335 ÷ 567
73%
120 ÷ 158
73%
415 ÷ 583
73%
450 ÷ 509
73%
364 ÷ 491
73%
282 ÷ 394
73%
570 ÷ 695
73%
242 ÷ 2211
72%
165 ÷ 1511
72%
560 ÷ 5112
72%
452 ÷ 4113
72%
580 ÷ 5116
72%
472 ÷ 4118
72%
372 ÷ 3124
72%
393 ÷ 3131
72%
280 ÷ 2014
72%
135 ÷ 915
72%
595 ÷ 3517
72%
380 ÷ 2190
72%
584 ÷ 2292
72%
590 ÷ 2295
72%
135 ÷ 453
72%
279 ÷ 931
72%
144 ÷ 436
72%
168 ÷ 424
72%
210 ÷ 542
72%
138 ÷ 346
72%
196 ÷ 449
72%
408 ÷ 851
72%
165 ÷ 355
72%
336 ÷ 656
72%
290 ÷ 558
72%
118 ÷ 259
72%
216 ÷ 366
72%
244 ÷ 461
72%
248 ÷ 462
72%
320 ÷ 564
72%
375 ÷ 575
72%
308 ÷ 477
72%
168 ÷ 218
72%
249 ÷ 383
72%
348 ÷ 487
72%
465 ÷ 593
72%
416 ÷ 4104
71%
535 ÷ 5107
71%
545 ÷ 5109
71%
363 ÷ 3311
71%
154 ÷ 1411
71%
575 ÷ 5115
71%
600 ÷ 5012
71%
488 ÷ 4122
71%
496 ÷ 4124
71%
504 ÷ 4126
71%
290 ÷ 2145
71%
180 ÷ 1215
71%
453 ÷ 3151
71%
400 ÷ 2516
71%
334 ÷ 2167
71%
338 ÷ 2169
71%
510 ÷ 3017
71%
358 ÷ 2179
71%
540 ÷ 3018
71%
378 ÷ 2189
71%
42 ÷ 212
71%
560 ÷ 2820
71%
525 ÷ 2521
71%
161 ÷ 723
71%
207 ÷ 923
71%
360 ÷ 1524
71%
150 ÷ 625
71%
208 ÷ 826
71%
532 ÷ 2266
71%
540 ÷ 2027
71%
546 ÷ 2273
71%
552 ÷ 2276
71%
568 ÷ 2284
71%
592 ÷ 2296
71%
144 ÷ 483
71%
450 ÷ 1530
71%
363 ÷ 1133
71%
175 ÷ 535
71%
288 ÷ 836
71%
128 ÷ 324
71%
168 ÷ 442
71%
160 ÷ 325
71%
357 ÷ 751
71%
306 ÷ 651
71%
159 ÷ 353
71%
216 ÷ 454
71%
448 ÷ 856
71%
420 ÷ 760
71%
84 ÷ 127
71%
284 ÷ 471
71%
288 ÷ 472
71%
450 ÷ 675
71%
104 ÷ 138
71%
425 ÷ 585
71%
430 ÷ 586
71%
455 ÷ 591
71%
470 ÷ 594
71%
460 ÷ 4610
70%
470 ÷ 4710
70%
324 ÷ 3108
70%
264 ÷ 2411
70%
232 ÷ 2116
70%
464 ÷ 4116
70%
168 ÷ 1412
70%
520 ÷ 4013
70%
544 ÷ 4136
70%
292 ÷ 2146
70%
600 ÷ 4015
70%
540 ÷ 3180
70%
247 ÷ 1319
70%
480 ÷ 2420
70%
240 ÷ 1220
70%
168 ÷ 821
70%
436 ÷ 2218
70%
575 ÷ 2523
70%
200 ÷ 825
70%
108 ÷ 427
70%
560 ÷ 2028
70%
129 ÷ 433
70%
111 ÷ 373
70%
108 ÷ 363
70%
147 ÷ 493
70%
341 ÷ 1131
70%
306 ÷ 934
70%
385 ÷ 1135
70%
312 ÷ 839
70%
136 ÷ 344
70%
144 ÷ 364
70%
480 ÷ 1240
70%
369 ÷ 941
70%
360 ÷ 845
70%
205 ÷ 415
70%
150 ÷ 256
70%
210 ÷ 356
70%
108 ÷ 186
70%
366 ÷ 661
70%
195 ÷ 365
70%
402 ÷ 667
70%
98 ÷ 147
70%
420 ÷ 670
70%
370 ÷ 574
70%
225 ÷ 375
70%
234 ÷ 378
70%
328 ÷ 482
70%
176 ÷ 288
70%
198 ÷ 229
70%
460 ÷ 592
70%
288 ÷ 396
70%
448 ÷ 4112
69%
345 ÷ 3115
69%
264 ÷ 2212
69%
387 ÷ 3129
69%
258 ÷ 2129
69%
405 ÷ 3135
69%
112 ÷ 814
69%
154 ÷ 1114
69%
294 ÷ 2147
69%
489 ÷ 3163
69%
450 ÷ 2518
69%
372 ÷ 2186
69%
376 ÷ 2188
69%
380 ÷ 2019
69%
594 ÷ 3198
69%
420 ÷ 2120
69%
315 ÷ 1521
69%
175 ÷ 725
69%
135 ÷ 527
69%
196 ÷ 728
69%
203 ÷ 729
69%
588 ÷ 2294
69%
596 ÷ 2298
69%
105 ÷ 353
69%
87 ÷ 293
69%
124 ÷ 314
69%
172 ÷ 443
69%
484 ÷ 1144
69%
308 ÷ 744
69%
144 ÷ 348
69%
175 ÷ 355
69%
260 ÷ 552
69%
162 ÷ 354
69%
285 ÷ 557
69%
456 ÷ 857
69%
132 ÷ 226
69%
288 ÷ 486
69%
310 ÷ 562
69%
390 ÷ 578
69%
264 ÷ 388
69%
445 ÷ 589
69%
135 ÷ 159
69%
539 ÷ 4911
68%
209 ÷ 1911
68%
468 ÷ 4117
68%
354 ÷ 3118
68%
276 ÷ 2312
68%
168 ÷ 1214
68%
435 ÷ 3145
68%
456 ÷ 3152
68%
322 ÷ 2161
68%
187 ÷ 1117
68%
108 ÷ 618
68%
171 ÷ 919
68%
84 ÷ 328
68%
576 ÷ 2288
68%
138 ÷ 463
68%
152 ÷ 438
68%
156 ÷ 439
68%
108 ÷ 274
68%
387 ÷ 943
68%
176 ÷ 444
68%
147 ÷ 349
68%
65 ÷ 135
68%
210 ÷ 425
68%
180 ÷ 365
68%
190 ÷ 385
68%
130 ÷ 265
68%
225 ÷ 455
68%
265 ÷ 553
68%
378 ÷ 754
68%
486 ÷ 954
68%
295 ÷ 559
68%
138 ÷ 236
68%
189 ÷ 363
68%
264 ÷ 466
68%
340 ÷ 485
68%
279 ÷ 393
68%
540 ÷ 5108
67%
187 ÷ 1711
67%
342 ÷ 3114
67%
595 ÷ 5119
67%
476 ÷ 4119
67%
492 ÷ 4123
67%
512 ÷ 4128
67%
117 ÷ 913
67%
336 ÷ 2414
67%
238 ÷ 1714
67%
126 ÷ 914
67%
420 ÷ 3014
67%
420 ÷ 3140
67%
165 ÷ 1115
67%
105 ÷ 715
67%
195 ÷ 1315
67%
153 ÷ 917
67%
204 ÷ 1217
67%
549 ÷ 3183
67%
392 ÷ 2196
67%
280 ÷ 1420
67%
360 ÷ 1820
67%
252 ÷ 1221
67%
132 ÷ 622
67%
264 ÷ 1222
67%
300 ÷ 1225
67%
556 ÷ 2278
67%
564 ÷ 2282
67%
580 ÷ 2029
67%
141 ÷ 473
67%
420 ÷ 1430
67%
396 ÷ 1136
67%
111 ÷ 337
67%
148 ÷ 437
67%
196 ÷ 494
67%
246 ÷ 641
67%
105 ÷ 215
67%
220 ÷ 445
67%
270 ÷ 554
67%
156 ÷ 266
67%
294 ÷ 496
67%
186 ÷ 362
67%
204 ÷ 368
67%
133 ÷ 197
67%
287 ÷ 417
67%
355 ÷ 571
67%
237 ÷ 379
67%
516 ÷ 686
67%
273 ÷ 391
67%
192 ÷ 296
67%
294 ÷ 398
67%
231 ÷ 2111
66%
570 ÷ 5114
66%
208 ÷ 1613
66%
532 ÷ 4133
66%
225 ÷ 1515
66%
255 ÷ 1715
66%
304 ÷ 1916
66%
374 ÷ 2187
66%
552 ÷ 2423
66%
168 ÷ 628
66%
112 ÷ 428
66%
231 ÷ 733
66%
504 ÷ 1242
66%
396 ÷ 944
66%
315 ÷ 745
66%
517 ÷ 1147
66%
140 ÷ 285
66%
312 ÷ 652
66%
464 ÷ 858
66%
114 ÷ 196
66%
198 ÷ 336
66%
496 ÷ 862
66%
256 ÷ 464
66%
201 ÷ 367
66%
245 ÷ 357
66%
497 ÷ 771
66%
365 ÷ 573
66%
261 ÷ 387
66%
356 ÷ 489
66%
475 ÷ 595
66%
143 ÷ 1311
65%
348 ÷ 3116
65%
396 ÷ 3312
65%
156 ÷ 1312
65%
372 ÷ 3112
65%
540 ÷ 4512
65%
508 ÷ 4127
65%
104 ÷ 813
65%
584 ÷ 4146
65%
375 ÷ 2515
65%
240 ÷ 1615
65%
192 ÷ 1216
65%
483 ÷ 3161
65%
513 ÷ 3171
65%
380 ÷ 1920
65%
441 ÷ 2121
65%
400 ÷ 1625
65%
598 ÷ 2326
65%
216 ÷ 827
65%
189 ÷ 727
65%
377 ÷ 1329
65%
126 ÷ 423
65%
351 ÷ 939
65%
164 ÷ 414
65%
451 ÷ 1141
65%
405 ÷ 945
65%
165 ÷ 335
65%
125 ÷ 255
65%
572 ÷ 1152
65%
371 ÷ 753
65%
126 ÷ 216
65%
427 ÷ 761
65%
448 ÷ 764
65%
455 ÷ 765
65%
390 ÷ 665
65%
268 ÷ 467
65%
329 ÷ 477
65%
196 ÷ 287
65%
576 ÷ 872
65%
432 ÷ 672
65%
219 ÷ 373
65%
380 ÷ 576
65%
312 ÷ 478
65%
344 ÷ 486
65%
267 ÷ 389
65%
490 ÷ 598
65%
396 ÷ 499
65%
436 ÷ 4109
64%
176 ÷ 1611
64%
374 ÷ 3411
64%
357 ÷ 3119
64%
288 ÷ 2412
64%
204 ÷ 1712
64%
524 ÷ 4131
64%
84 ÷ 614
64%
196 ÷ 1414
64%
462 ÷ 3154
64%
272 ÷ 1716
64%
573 ÷ 3191
64%
340 ÷ 1720
64%
198 ÷ 922
64%
264 ÷ 1124
64%
600 ÷ 2524
64%
550 ÷ 2225
64%
495 ÷ 1533
64%
264 ÷ 833
64%
304 ÷ 838
64%
156 ÷ 394
64%
192 ÷ 484
64%
112 ÷ 284
64%
176 ÷ 444
64%
180 ÷ 454
64%
322 ÷ 746
64%
561 ÷ 1151
64%
342 ÷ 657
64%
144 ÷ 246
64%
252 ÷ 463
64%
198 ÷ 366
64%
336 ÷ 487
64%
217 ÷ 317
64%
304 ÷ 476
64%
264 ÷ 338
64%
352 ÷ 488
64%
588 ÷ 698
64%
195 ÷ 1513
63%
507 ÷ 3913
63%
417 ÷ 3139
63%
182 ÷ 1314
63%
462 ÷ 3314
63%
560 ÷ 4140
63%
596 ÷ 4149
63%
486 ÷ 3162
63%
442 ÷ 2617
63%
525 ÷ 3175
63%
558 ÷ 3118
63%
114 ÷ 619
63%
576 ÷ 3192
63%
462 ÷ 2221
63%
189 ÷ 921
63%
147 ÷ 721
63%
484 ÷ 2222
63%
528 ÷ 2422
63%
138 ÷ 623
63%
253 ÷ 1123
63%
576 ÷ 2424
63%
375 ÷ 1525
63%
324 ÷ 1227
63%
558 ÷ 2279
63%
598 ÷ 2299
63%
510 ÷ 1730
63%
390 ÷ 1330
63%
288 ÷ 932
63%
245 ÷ 735
63%
473 ÷ 1143
63%
195 ÷ 395
63%
95 ÷ 195
63%
364 ÷ 752
63%
171 ÷ 357
63%
174 ÷ 358
63%
354 ÷ 659
63%
236 ÷ 459
63%
282 ÷ 476
63%
168 ÷ 247
63%
292 ÷ 473
63%
296 ÷ 474
63%
176 ÷ 228
63%
280 ÷ 358
63%
324 ÷ 481
63%
336 ÷ 484
63%
255 ÷ 385
63%
333 ÷ 379
63%
144 ÷ 169
63%
351 ÷ 399
63%
253 ÷ 2311
62%
462 ÷ 4211
62%
336 ÷ 2812
62%
234 ÷ 1813
62%
247 ÷ 1913
62%
504 ÷ 3614
62%
448 ÷ 3214
62%
429 ÷ 3143
62%
270 ÷ 1815
62%
390 ÷ 2615
62%
152 ÷ 819
62%
285 ÷ 1519
62%
588 ÷ 3196
62%
260 ÷ 1320
62%
540 ÷ 2720
62%
460 ÷ 2320
62%
378 ÷ 1821
62%
154 ÷ 722
62%
184 ÷ 823
62%
525 ÷ 2125
62%
234 ÷ 926
62%
536 ÷ 2268
62%
174 ÷ 629
62%
512 ÷ 1632
62%
198 ÷ 633
62%
552 ÷ 1246
62%
185 ÷ 375
62%
155 ÷ 315
62%
145 ÷ 295
62%
115 ÷ 235
62%
432 ÷ 854
62%
168 ÷ 356
62%
204 ÷ 346
62%
186 ÷ 316
62%
540 ÷ 960
62%
549 ÷ 961
62%
252 ÷ 367
62%
360 ÷ 572
62%
222 ÷ 374
62%
192 ÷ 248
62%
336 ÷ 428
62%
216 ÷ 278
62%
304 ÷ 388
62%
574 ÷ 782
62%
207 ÷ 239
62%
189 ÷ 219
62%
407 ÷ 3711
61%
588 ÷ 4912
61%
576 ÷ 4812
61%
216 ÷ 1812
61%
592 ÷ 4148
61%
447 ÷ 3149
61%
360 ÷ 2415
61%
420 ÷ 2815
61%
512 ÷ 3216
61%
396 ÷ 2218
61%
216 ÷ 1218
61%
228 ÷ 1219
61%
585 ÷ 3195
61%
320 ÷ 1620
61%
546 ÷ 2621
61%
399 ÷ 1921
61%
391 ÷ 1723
61%
442 ÷ 1726
61%
390 ÷ 1526
61%
297 ÷ 1127
61%
114 ÷ 383
61%
480 ÷ 1630
61%
595 ÷ 1735
61%
216 ÷ 636
61%
188 ÷ 474
61%
520 ÷ 1340
61%
287 ÷ 741
61%
336 ÷ 842
61%
318 ÷ 653
61%
385 ÷ 755
61%
192 ÷ 326
61%
488 ÷ 861
61%
276 ÷ 469
61%
147 ÷ 217
61%
312 ÷ 398
61%
332 ÷ 483
61%
396 ÷ 449
61%
297 ÷ 339
61%
414 ÷ 469
61%
324 ÷ 369
61%
384 ÷ 496
61%
392 ÷ 498
61%
594 ÷ 699
61%
385 ÷ 3511
60%
352 ÷ 3211
60%
319 ÷ 2911
60%
473 ÷ 4311
60%
585 ÷ 5117
60%
384 ÷ 3212
60%
564 ÷ 4712
60%
299 ÷ 2313
60%
286 ÷ 2213
60%
182 ÷ 1413
60%
572 ÷ 4143
60%
580 ÷ 4145
60%
330 ÷ 2215
60%
450 ÷ 3150
60%
176 ÷ 1116
60%
425 ÷ 2517
60%
510 ÷ 3170
60%
270 ÷ 1518
60%
543 ÷ 3181
60%
591 ÷ 3197
60%
528 ÷ 2224
60%
552 ÷ 2324
60%
192 ÷ 824
60%
476 ÷ 1728
60%
572 ÷ 2286
60%
372 ÷ 1231
60%
480 ÷ 1532
60%
256 ÷ 832
60%
315 ÷ 935
60%
555 ÷ 1537
60%
68 ÷ 174
60%
184 ÷ 464
60%
328 ÷ 841
60%
252 ÷ 642
60%
288 ÷ 648
60%
424 ÷ 853
60%
174 ÷ 296
60%
252 ÷ 426
60%
246 ÷ 416
60%
462 ÷ 766
60%
469 ÷ 767
60%
272 ÷ 468
60%
224 ÷ 327
60%
112 ÷ 167
60%
322 ÷ 467
60%
294 ÷ 427
60%
216 ÷ 372
60%
511 ÷ 773
60%
231 ÷ 377
60%
462 ÷ 677
60%
246 ÷ 382
60%
423 ÷ 479
60%
368 ÷ 492
60%
372 ÷ 493
60%
380 ÷ 495
60%
297 ÷ 2711
59%
286 ÷ 2611
59%
504 ÷ 4212
59%
378 ÷ 3126
59%
481 ÷ 3713
59%
364 ÷ 2813
59%
403 ÷ 3113
59%
528 ÷ 4132
59%
490 ÷ 3514
59%
480 ÷ 3215
59%
477 ÷ 3159
59%
496 ÷ 3116
59%
240 ÷ 1516
59%
522 ÷ 3174
59%
522 ÷ 2918
59%
520 ÷ 2620
59%
462 ÷ 2122
59%
345 ÷ 1523
59%
225 ÷ 925
59%
405 ÷ 1527
59%
352 ÷ 1132
59%
408 ÷ 1234
59%
140 ÷ 354
59%
588 ÷ 1442
59%
301 ÷ 743
59%
528 ÷ 1148
59%
258 ÷ 436
59%
384 ÷ 664
59%
520 ÷ 865
59%
342 ÷ 389
59%
243 ÷ 279
59%
441 ÷ 499
59%
582 ÷ 697
59%
429 ÷ 3911
58%
396 ÷ 3611
58%
516 ÷ 4129
58%
377 ÷ 2913
58%
468 ÷ 3613
58%
402 ÷ 3134
58%
434 ÷ 3114
58%
423 ÷ 3141
58%
564 ÷ 4141
58%
544 ÷ 3416
58%
256 ÷ 1616
58%
493 ÷ 2917
58%
516 ÷ 3172
58%
519 ÷ 3173
58%
594 ÷ 3318
58%
414 ÷ 2318
58%
432 ÷ 2418
58%
399 ÷ 2119
58%
323 ÷ 1719
58%
336 ÷ 1621
58%
276 ÷ 1223
58%
546 ÷ 2126
58%
392 ÷ 1428
58%
319 ÷ 1129
58%
117 ÷ 393
58%
384 ÷ 1232
58%
272 ÷ 834
58%
444 ÷ 1237
58%
344 ÷ 843
58%
506 ÷ 1146
58%
376 ÷ 847
58%
504 ÷ 956
58%
177 ÷ 359
58%
531 ÷ 959
58%
162 ÷ 276
58%
168 ÷ 286
58%
372 ÷ 662
58%
512 ÷ 864
58%
301 ÷ 437
58%
568 ÷ 871
58%
456 ÷ 676
58%
272 ÷ 348
58%
368 ÷ 468
58%
248 ÷ 318
58%
216 ÷ 249
58%
153 ÷ 179
58%
492 ÷ 4112
57%
432 ÷ 3612
57%
408 ÷ 3136
57%
411 ÷ 3137
57%
392 ÷ 2814
57%
465 ÷ 3115
57%
468 ÷ 3156
57%
432 ÷ 2716
57%
546 ÷ 3182
57%
589 ÷ 3119
57%
418 ÷ 2219
57%
588 ÷ 2821
57%
216 ÷ 924
57%
350 ÷ 1425
57%
475 ÷ 1925
57%
243 ÷ 927
57%
567 ÷ 2127
57%
248 ÷ 831
57%
238 ÷ 734
57%
585 ÷ 1539
57%
234 ÷ 639
57%
329 ÷ 747
57%
399 ÷ 757
57%
348 ÷ 658
57%
102 ÷ 176
57%
536 ÷ 867
57%
231 ÷ 337
57%
119 ÷ 177
57%
161 ÷ 237
57%
184 ÷ 238
57%
567 ÷ 781
57%
498 ÷ 683
57%
432 ÷ 489
57%
261 ÷ 299
57%
279 ÷ 319
57%
564 ÷ 694
57%
381 ÷ 3127
56%
572 ÷ 4413
56%
312 ÷ 2413
56%
556 ÷ 4139
56%
210 ÷ 1514
56%
208 ÷ 1316
56%
288 ÷ 1816
56%
492 ÷ 3164
56%
357 ÷ 2117
56%
408 ÷ 2417
56%
534 ÷ 3178
56%
537 ÷ 3179
56%
299 ÷ 1323
56%
162 ÷ 627
56%
232 ÷ 829
56%
348 ÷ 1229
56%
544 ÷ 1732
56%
297 ÷ 933
56%
396 ÷ 1233
56%
456 ÷ 1238
56%
264 ÷ 644
56%
352 ÷ 844
56%
585 ÷ 1345
56%
576 ÷ 1248
56%
343 ÷ 749
56%
324 ÷ 654
56%
392 ÷ 756
56%
472 ÷ 859
56%
396 ÷ 666
56%
203 ÷ 297
56%
468 ÷ 678
56%
474 ÷ 679
56%
328 ÷ 418
56%
224 ÷ 288
56%
384 ÷ 488
56%
128 ÷ 168
56%
581 ÷ 783
56%
171 ÷ 199
56%
315 ÷ 359
56%
252 ÷ 289
56%
276 ÷ 392
56%
552 ÷ 692
56%
285 ÷ 395
56%
495 ÷ 4511
55%
418 ÷ 3811
55%
456 ÷ 3812
55%
338 ÷ 2613
55%
416 ÷ 3213
55%
546 ÷ 3914
55%
438 ÷ 3146
55%
405 ÷ 2715
55%
495 ÷ 3315
55%
136 ÷ 817
55%
255 ÷ 1517
55%
162 ÷ 918
55%
432 ÷ 1627
55%
420 ÷ 1528
55%
336 ÷ 1228
55%
442 ÷ 1334
55%
420 ÷ 1235
55%
432 ÷ 1236
55%
259 ÷ 737
55%
228 ÷ 638
55%
273 ÷ 739
55%
148 ÷ 374
55%
276 ÷ 646
55%
414 ÷ 946
55%
468 ÷ 952
55%
594 ÷ 1154
55%
276 ÷ 466
55%
441 ÷ 763
55%
408 ÷ 668
55%
189 ÷ 277
55%
308 ÷ 447
55%
182 ÷ 267
55%
126 ÷ 187
55%
600 ÷ 875
55%
296 ÷ 378
55%
344 ÷ 438
55%
588 ÷ 784
55%
534 ÷ 689
55%
126 ÷ 149
55%
369 ÷ 419
55%
388 ÷ 497
55%
552 ÷ 4612
54%
516 ÷ 4312
54%
559 ÷ 4313
54%
546 ÷ 4213
54%
455 ÷ 3513
54%
378 ÷ 2714
54%
426 ÷ 3142
54%
568 ÷ 4142
54%
432 ÷ 3144
54%
501 ÷ 3167
54%
323 ÷ 1917
54%
552 ÷ 3184
54%
294 ÷ 1421
54%
504 ÷ 2421
54%
567 ÷ 2721
54%
418 ÷ 1922
54%
384 ÷ 1624
54%
275 ÷ 1125
54%
338 ÷ 1326
54%
468 ÷ 1826
54%
462 ÷ 1433
54%
540 ÷ 1536
54%
296 ÷ 837
54%
222 ÷ 637
54%
418 ÷ 1138
54%
429 ÷ 1139
54%
477 ÷ 953
54%
504 ÷ 863
54%
378 ÷ 663
54%
544 ÷ 868
54%
343 ÷ 497
54%
352 ÷ 448
54%
528 ÷ 688
54%
234 ÷ 269
54%
528 ÷ 4811
53%
192 ÷ 1612
53%
585 ÷ 4513
53%
294 ÷ 2114
53%
322 ÷ 2314
53%
588 ÷ 4147
53%
224 ÷ 1416
53%
391 ÷ 2317
53%
378 ÷ 2118
53%
504 ÷ 2818
53%
266 ÷ 1419
53%
352 ÷ 1622
53%
600 ÷ 2425
53%
286 ÷ 1126
53%
312 ÷ 1226
53%
416 ÷ 1626
53%
224 ÷ 828
53%
448 ÷ 1432
53%
280 ÷ 835
53%
525 ÷ 1535
53%
518 ÷ 1437
53%
462 ÷ 1142
53%
258 ÷ 643
53%
495 ÷ 1145
53%
368 ÷ 846
53%
539 ÷ 1149
53%
416 ÷ 852
53%
222 ÷ 376
53%
385 ÷ 577
53%
256 ÷ 328
53%
252 ÷ 384
53%
546 ÷ 691
53%
558 ÷ 693
53%
506 ÷ 4611
52%
228 ÷ 1912
52%
528 ÷ 4412
52%
221 ÷ 1713
52%
552 ÷ 4138
52%
476 ÷ 3414
52%
532 ÷ 3814
52%
588 ÷ 4214
52%
368 ÷ 2316
52%
416 ÷ 2616
52%
544 ÷ 3217
52%
578 ÷ 3417
52%
221 ÷ 1317
52%
374 ÷ 2217
52%
486 ÷ 2718
52%
306 ÷ 1718
52%
555 ÷ 3185
52%
437 ÷ 2319
52%
286 ÷ 1322
52%
308 ÷ 1422
52%
374 ÷ 1722
52%
414 ÷ 1823
52%
378 ÷ 1427
52%
224 ÷ 732
52%
576 ÷ 1832
52%
544 ÷ 1634
52%
407 ÷ 1137
52%
494 ÷ 1338
52%
378 ÷ 942
52%
235 ÷ 475
52%
413 ÷ 759
52%
264 ÷ 446
52%
576 ÷ 964
52%
504 ÷ 772
52%
438 ÷ 673
52%
584 ÷ 873
52%
144 ÷ 188
52%
208 ÷ 268
52%
136 ÷ 178
52%
486 ÷ 681
52%
387 ÷ 439
52%
378 ÷ 429
52%
429 ÷ 3313
51%
351 ÷ 2713
51%
442 ÷ 3413
51%
536 ÷ 4134
51%
548 ÷ 4137
51%
210 ÷ 1415
51%
570 ÷ 3815
51%
285 ÷ 1915
51%
289 ÷ 1717
51%
324 ÷ 1818
51%
252 ÷ 1418
51%
567 ÷ 3189
51%
494 ÷ 2619
51%
579 ÷ 3193
51%
483 ÷ 2321
51%
357 ÷ 1721
51%
396 ÷ 1822
51%
506 ÷ 2322
51%
483 ÷ 2123
51%
529 ÷ 2323
51%
368 ÷ 1623
51%
312 ÷ 1324
51%
575 ÷ 2325
51%
364 ÷ 1426
51%
308 ÷ 1128
51%
261 ÷ 929
51%
540 ÷ 1830
51%
594 ÷ 1833
51%
468 ÷ 1336
51%
504 ÷ 1436
51%
266 ÷ 738
51%
342 ÷ 938
51%
152 ÷ 384
51%
294 ÷ 742
51%
282 ÷ 647
51%
215 ÷ 435
51%
567 ÷ 963
51%
414 ÷ 669
51%
259 ÷ 377
51%
504 ÷ 684
51%
306 ÷ 349
51%
576 ÷ 696
51%
517 ÷ 4711
50%
406 ÷ 2914
50%
266 ÷ 1914
50%
576 ÷ 4144
50%
441 ÷ 3147
50%
510 ÷ 3415
50%
561 ÷ 3317
50%
238 ÷ 1417
50%
531 ÷ 3177
50%
288 ÷ 1618
50%
304 ÷ 1619
50%
580 ÷ 2920
50%
448 ÷ 1628
50%
527 ÷ 1731
50%
374 ÷ 1134
50%
210 ÷ 635
50%
333 ÷ 937
50%
570 ÷ 1538
50%
516 ÷ 1243
50%
384 ÷ 848
50%
495 ÷ 955
50%
513 ÷ 957
50%
234 ÷ 396
50%
528 ÷ 866
50%
266 ÷ 387
50%
444 ÷ 674
50%
510 ÷ 685
50%
408 ÷ 3412
49%
348 ÷ 2912
49%
414 ÷ 3138
49%
474 ÷ 3158
49%
576 ÷ 3616
49%
495 ÷ 3165
49%
342 ÷ 1918
49%
561 ÷ 3187
49%
273 ÷ 1321
49%
594 ÷ 2722
49%
437 ÷ 1923
49%
506 ÷ 2223
49%
456 ÷ 1924
49%
336 ÷ 1424
49%
325 ÷ 1325
49%
425 ÷ 1725
49%
494 ÷ 1926
49%
364 ÷ 1328
49%
465 ÷ 1531
49%
525 ÷ 775
49%
392 ÷ 498
49%
112 ÷ 148
49%
152 ÷ 198
49%
308 ÷ 2811
48%
324 ÷ 2712
48%
444 ÷ 3712
48%
312 ÷ 2612
48%
494 ÷ 3813
48%
518 ÷ 3714
48%
528 ÷ 3316
48%
464 ÷ 2916
48%
560 ÷ 3516
48%
272 ÷ 1617
48%
527 ÷ 3117
48%
234 ÷ 1318
48%
532 ÷ 2819
48%
594 ÷ 2227
48%
252 ÷ 928
48%
588 ÷ 2128
48%
522 ÷ 1829
48%
403 ÷ 1331
48%
455 ÷ 1335
48%
172 ÷ 434
48%
574 ÷ 1441
48%
540 ÷ 1245
48%
294 ÷ 649
48%
552 ÷ 869
48%
539 ÷ 777
48%
546 ÷ 778
48%
553 ÷ 779
48%
288 ÷ 368
48%
258 ÷ 386
48%
522 ÷ 687
48%
252 ÷ 1814
47%
540 ÷ 3615
47%
315 ÷ 2115
47%
471 ÷ 3157
47%
582 ÷ 3194
47%
408 ÷ 1724
47%
561 ÷ 1733
47%
578 ÷ 1734
47%
252 ÷ 736
47%
533 ÷ 1341
47%
528 ÷ 1244
47%
598 ÷ 1346
47%
423 ÷ 947
47%
238 ÷ 347
47%
592 ÷ 874
47%
532 ÷ 776
47%
492 ÷ 682
47%
533 ÷ 4113
46%
345 ÷ 2315
46%
306 ÷ 1817
46%
476 ÷ 2817
46%
513 ÷ 2719
46%
322 ÷ 1423
46%
598 ÷ 2623
46%
532 ÷ 1928
46%
570 ÷ 1930
46%
558 ÷ 1831
46%
589 ÷ 1931
46%
429 ÷ 1333
46%
476 ÷ 1434
46%
324 ÷ 936
46%
546 ÷ 1439
46%
546 ÷ 1342
46%
336 ÷ 748
46%
315 ÷ 457
46%
154 ÷ 227
46%
598 ÷ 4613
45%
364 ÷ 2614
45%
435 ÷ 2915
45%
448 ÷ 2816
45%
498 ÷ 3166
45%
504 ÷ 3168
45%
507 ÷ 3169
45%
176 ÷ 822
45%
504 ÷ 2124
45%
435 ÷ 1529
45%
493 ÷ 1729
45%
434 ÷ 1431
45%
528 ÷ 1633
45%
468 ÷ 1239
45%
441 ÷ 949
45%
583 ÷ 1153
45%
406 ÷ 758
45%
594 ÷ 966
45%
518 ÷ 774
45%
336 ÷ 2116
44%
384 ÷ 2416
44%
564 ÷ 3188
44%
572 ÷ 2622
44%
432 ÷ 1824
44%
496 ÷ 1631
44%
560 ÷ 1635
44%
490 ÷ 1435
44%
576 ÷ 1636
44%
572 ÷ 1344
44%
564 ÷ 1247
44%
432 ÷ 948
44%
230 ÷ 465
44%
522 ÷ 958
44%
483 ÷ 769
44%
288 ÷ 329
44%
224 ÷ 1614
43%
459 ÷ 2717
43%
576 ÷ 3218
43%
558 ÷ 3186
43%
456 ÷ 2419
43%
361 ÷ 1919
43%
481 ÷ 1337
43%
559 ÷ 1343
43%
434 ÷ 762
43%
273 ÷ 397
43%
308 ÷ 2214
42%
528 ÷ 3176
42%
342 ÷ 1819
42%
572 ÷ 2226
42%
351 ÷ 1327
42%
464 ÷ 1629
42%
406 ÷ 1429
42%
228 ÷ 386
42%
558 ÷ 962
42%
352 ÷ 2216
41%
459 ÷ 1727
41%
560 ÷ 1440
41%
588 ÷ 1249
41%
555 ÷ 3715
40%
585 ÷ 3915
40%
592 ÷ 3716
40%
468 ÷ 2618
40%
486 ÷ 1827
40%
507 ÷ 1339
40%
492 ÷ 1241
40%
585 ÷ 965
40%
595 ÷ 785
40%
444 ÷ 3148
39%
525 ÷ 3515
39%
513 ÷ 1927
39%
551 ÷ 1929
39%
574 ÷ 4114
38%
551 ÷ 2919
38%
510 ÷ 1534
38%
532 ÷ 1438
38%
504 ÷ 1828
37%
592 ÷ 1637
36%
476 ÷ 768
36%
468 ÷ 3912
35%
450 ÷ 1825
35%

Score Distribution

Percentile by Number Answered

Percent of People with Each Score

Your Score History

You have not taken this quiz